| 000 | 00593nam a2200205 a 4500 | ||
|---|---|---|---|
| 001 | 86056 | ||
| 003 | BD-RjUL | ||
| 005 | 20260105123458.0 | ||
| 008 | 251224r19651962enk||||| |||| 00| 0 eng d | ||
| 035 | _a(BD-RjUL)86056 | ||
| 040 |
_aBD-RjUL _beng _cBD-RjUL |
||
| 041 | _aeng | ||
| 082 |
_223 _a822.09 _bKNG 1965 |
||
| 100 |
_aKnight, G. Wilson _917540 |
||
| 245 |
_aThe golden labyrinth : _ba study of British drama / _cG. Wilson Knight |
||
| 260 |
_aLondon : _bMethuen, _c1965 |
||
| 300 |
_a402 pages ; _c21 cm. |
||
| 650 |
_aEnglish drama _vHistory and criticism _917541 |
||
| 942 |
_2ddc _cBK |
||
| 999 |
_c86056 _d86056 |
||